Alle Länder NS-Deutschlands (mit Karte) - Statistiken

Allgemein
  • Dieses Quiz wurde 56 mal gespielt
  • Das Durchschnittsergebnis liegt bei 19 aus 20
Antworten auf der Karte
Die Antworten werden auf der Karte rot bzw. grün angezeigt, abhängig davon wie oft sie richtig erraten wurden.
 
Antwortstatistiken
Land % Korrekt
Deutschland
100%
Frankreich
98%
Österreich
98%
Polen
98%
Tschechien
98%
Belgien
96%
Dänemark
96%
Luxemburg
96%
Niederlande
96%
Norwegen
96%
Russland
96%
Belarus
94%
Lettland
94%
Estland
92%
Griechenland
92%
Litauen
92%
Ukraine
92%
Slowenien
88%
Slowakei
86%
Serbien
84%
Keine übereinstimmenden Quizze gefunden
Verteilung der Resultate
Anzahl Personen mit jedem Resultat
Perzentil nach korrekt beantworteten Fragen
Ihre Resultats-Entwicklung
Sie haben dieses Quiz noch nicht gespielt